000 00869nam a2200253Ia 4500
003 OSt
005 20221005112620.0
006 a|||||r|||| 00| 0
007 ta
008 221004b |||||||| |||| 00| 0 pan d
020 _c595
024 _a1489
037 _b549, 02/12/2011, H.K. Prakashan
_cTextual
040 _aCRL
_cCRL
_bpan
041 _2pan
_apan
082 _aO153,1L30:g, P4
100 _aਨਿੱਝਰ, ਬਖੀ ਸਿੰਘ
245 0 _aਹੀਰ ਵਾਰਿਸ ਦੀ ਪੜਚੋਲ ਤੇ ਵਿਸਥਾਰ
260 _aਚੰਡੀਗੜ੍ਹ
_bਲੋਕਗੀਤ ਭਾਰਤ
_c2004
300 _a479ਪੰ
_ccm.
650 _aਪੰਜਾਬੀ ਸਾਹਿਤ
942 _hO153,1L30:g, P4
_cTEXL
_2cc
999 _c1025419
_d1025419